[Event "4NCL Online Division 6"]
[Site "online"]
[Date "2020.10.20"]
[Round "5.48"]
[White "Biddiss, Samuel"]
[Black "Franklin, Tony"]
[Result "1-0"]
[WhiteElo "1037"]
[BlackElo "1300"]
[PlyCount "75"]
[EventDate "2020.10.20"]
[WhiteTeam "Horsham 3"]
[BlackTeam "Farnham B"]

1. d4 Nf6 2. Nf3 e6 3. Bf4 d5 4. Nbd2 Be7 5. e3 O-O 6. Bd3 c5 7. c3 Qb6 8. b3
Nc6 9. O-O cxd4 10. cxd4 Nb4 11. Ne5 Nxd3 12. Nxd3 Bd7 13. Re1 Rac8 14. Ne5 Bc6
15. Bg5 h6 16. Bxf6 Bxf6 17. Ndf3 Be7 18. Qb1 Bb4 19. Rc1 Bb5 20. Rxc8 Rxc8 21.
Qd1 f6 22. Nd3 Bd6 23. Rc1 Rxc1 24. Nxc1 Qc6 25. Nh4 Kf7 26. Qe1 Bb4 27. Qd1 a5
28. Qh5+ Kg8 29. Ne2 Bxe2 30. Qxe2 Qc1+ 31. Qf1 Qc2 32. h3 Qxa2 33. Qb5 Qb1+
34. Kh2 Qxb3 35. Qe8+ Kh7 36. Ng6 h5 37. Nf8+ Kh6 38. Qg6# 1-0

[Event "4NCL Online Division 6"]
[Site "online"]
[Date "2020.10.20"]
[Round "5.55"]
[White "Munshi, Aryan"]
[Black "Nakano, Kazumasa"]
[Result "1-0"]
[WhiteElo "1148"]
[BlackElo "1510"]
[PlyCount "61"]
[EventDate "2020.10.20"]
[WhiteTeam "Phones Pals Rooks"]
[BlackTeam "Barnet Knights D"]

1. d4 Nf6 2. c4 e6 3. Nf3 d5 4. Nc3 Nc6 5. Bf4 Be7 6. e3 O-O 7. Bd3 b6 8. cxd5
exd5 9. O-O Bg4 10. h3 Bh5 11. a3 Bd6 12. Bxd6 Qxd6 13. Be2 Bg6 14. Rc1 Ne7 15.
Nb5 Qd7 16. Rxc7 Qe8 17. Ne5 a6 18. Na7 Rd8 19. Nac6 Nxc6 20. Rxc6 Nd7 21. Nxg6
fxg6 22. Qc2 Rc8 23. Rc1 Rxc6 24. Qxc6 Qf7 25. Bf3 Nf6 26. Qxb6 Ne4 27. Qc7 Qf6
28. Qe5 Nd2 29. Qxf6 Rxf6 30. Bxd5+ Kh8 31. Rc8+ 1-0

[Event "4NCL Online Division 6"]
[Site "online"]
[Date "2020.10.20"]
[Round "5.56"]
[White "Gaekwad, Ankit"]
[Black "Vadalia, Jainill"]
[Result "0-1"]
[WhiteElo "1450"]
[BlackElo "1140"]
[PlyCount "70"]
[EventDate "2020.10.20"]
[WhiteTeam "Barnet Knights D"]
[BlackTeam "Phones Pals Rooks"]

1. d4 Nf6 2. Bf4 d5 3. e3 c5 4. c3 e6 5. Nf3 Nc6 6. Nbd2 cxd4 7. exd4 Bd6 8.
Bg3 Qc7 9. Bd3 Bd7 10. Qc2 Rc8 11. Bxd6 Qxd6 12. O-O a6 13. Rae1 Nb4 14. Qb1
Nxd3 15. Qxd3 Bb5 16. c4 dxc4 17. Qc3 Nd5 18. Qc1 c3 19. Ne4 Qc7 20. bxc3 Bxf1
21. Kxf1 Nxc3 22. Nc5 Na4 23. Qg5 O-O 24. Nxa4 Qc4+ 25. Kg1 Qxa4 26. Qh4 Qxa2
27. Ng5 h6 28. Nf3 b5 29. h3 b4 30. Re4 b3 31. Rg4 b2 32. Qxh6 b1=Q+ 33. Kh2
Qh7 34. Qg5 Qd5 35. Ne5 f6 0-1

[Event "4NCL Online Division 6"]
[Site "online"]
[Date "2020.10.20"]
[Round "5.57"]
[White "McShane, James"]
[Black "Gardner, Kai"]
[Result "1-0"]
[WhiteElo "1100"]
[BlackElo "1390"]
[PlyCount "99"]
[EventDate "2020.10.20"]
[WhiteTeam "Phones Pals Rooks"]
[BlackTeam "Barnet Knights D"]

1. e4 d5 2. exd5 Nf6 3. Bb5+ c6 4. dxc6 Nxc6 5. Nf3 Bg4 6. h3 Bh5 7. Nc3 e5 8.
g4 Bg6 9. Nxe5 Qc7 10. Qe2 Be7 11. Nxg6 hxg6 12. g5 Nd7 13. Nd5 Qd6 14. Bxc6
bxc6 15. Nxe7 Qxe7 16. Qxe7+ Kxe7 17. d4 Rhe8 18. Bf4 Kf8+ 19. Kd2 f6 20. Rae1
Red8 21. Bd6+ Kg8 22. Rhg1 Nf8 23. Bc5 Nd7 24. Be7 Re8 25. gxf6 gxf6 26. Bb4
Kf7 27. Re3 Rab8 28. a3 Rbc8 29. Rge1 Rxe3 30. Rxe3 c5 31. dxc5 Nxc5 32. Bxc5
Rxc5 33. Rc3 Rd5+ 34. Rd3 Ke6 35. Rxd5 Kxd5 36. Ke3 Ke5 37. c4 f5 38. f4+ Kf6
39. b4 g5 40. fxg5+ Kxg5 41. c5 f4+ 42. Kf3 Kh4 43. Kxf4 Kxh3 44. c6 Kh2 45. c7
Kg2 46. c8=Q a5 47. Qg4+ Kf2 48. Qf3+ Ke1 49. Qg2 a4 50. Ke3 1-0

[Event "4NCL Online Division 6"]
[Site "online"]
[Date "2020.10.20"]
[Round "5.58"]
[White "Zholnin, Ivan"]
[Black "Lukhi, Neev"]
[Result "1-0"]
[WhiteElo "1345"]
[BlackElo "970"]
[PlyCount "151"]
[EventDate "2020.10.20"]
[WhiteTeam "Barnet Knights D"]
[BlackTeam "Phones Pals Rooks"]

1. e4 e5 2. Nf3 Nc6 3. Bc4 Bc5 4. c3 Nf6 5. d4 exd4 6. cxd4 Bb4+ 7. Bd2 Nxe4 8.
Bxb4 Nxb4 9. Qb3 Qe7 10. O-O O-O 11. Nc3 Nxc3 12. bxc3 Nc6 13. Rfe1 Qf6 14. Qb5
a6 15. Qb1 Na5 16. Bd3 d6 17. Bxh7+ Kh8 18. Be4 Re8 19. Qb4 Nc6 20. Bxc6 Rxe1+
21. Rxe1 bxc6 22. Re8+ Kh7 23. Qb1+ Bf5 24. Qe1 Rxe8 25. Qxe8 Qh6 26. h3 Qc1+
27. Kh2 Qf4+ 28. Kh1 Qc1+ 29. Ng1 Qxc3 30. Qxf7 Bg6 31. Qxc7 Qxd4 32. Qxc6 Qxf2
33. Qxd6 Qxa2 34. Qf4 Qd5 35. Qf1 a5 36. Qa1 Qb5 37. Qa3 a4 38. Qg3 Qb4 39. Nf3
a3 40. Nh4 Qb1+ 41. Kh2 a2 42. Nf3 Qe4 43. Ng5+ Kh6 44. Nxe4 a1=Q 45. Qh4+ Bh5
46. Qg5+ Kh7 47. Qxh5+ Kg8 48. Qe8+ Kh7 49. Ng5+ Kh6 50. Nf7+ Kh7 51. Ng5+ Kh6
52. h4 g6 53. Qf8+ Kh5 54. Qf3+ Kh6 55. Ne6 Qe5+ 56. Qf4+ Qxf4+ 57. Nxf4 g5 58.
hxg5+ Kxg5 59. Kg3 Kf5 60. Nd5 Kg5 61. Kf3 Kf5 62. g4+ Kg5 63. Ne3 Kg6 64. Kf4
Kf6 65. g5+ Kg6 66. Nd5 Kg7 67. Kf5 Kf7 68. g6+ Kg7 69. Ne3 Kg8 70. Kf6 Kf8 71.
g7+ Kg8 72. Nd5 Kh7 73. Kf7 Kh6 74. g8=Q Kh5 75. Ne3 Kh4 76. Qg4# 1-0

[Event "4NCL Online Division 6"]
[Site "online"]
[Date "2020.10.20"]
[Round "5.65"]
[White "Whiteside, Robert"]
[Black "Peach, Clifford B"]
[Result "1-0"]
[WhiteElo "1792"]
[BlackElo "1525"]
[PlyCount "23"]
[EventDate "2020.10.20"]
[WhiteTeam "MK Phoenix 3"]
[BlackTeam "Plymouth 2"]

1. e4 d5 2. exd5 Qxd5 3. Nc3 Qd8 4. d4 c6 5. Bc4 Nf6 6. Nf3 Bg4 7. Bxf7+ Kxf7
8. Ne5+ Kg8 9. Nxg4 Nxg4 10. Qxg4 Qd7 11. Qe2 Qxd4 12. Qe6# 1-0

[Event "4NCL Online Division 6"]
[Site "online"]
[Date "2020.10.20"]
[Round "5.66"]
[White "Caleshu, Caleb"]
[Black "Ward, George"]
[Result "1-0"]
[WhiteElo "1480"]
[BlackElo "1772"]
[PlyCount "75"]
[EventDate "2020.10.20"]
[WhiteTeam "Plymouth 2"]
[BlackTeam "MK Phoenix 3"]

1. e4 e5 2. Bc4 Nc6 3. Nf3 Nd4 4. c3 Nxf3+ 5. Qxf3 Nf6 6. d4 d6 7. h3 Be7 8.
Be3 a6 9. a4 O-O 10. O-O h6 11. Rd1 exd4 12. cxd4 Be6 13. d5 Bd7 14. Nc3 Nh7
15. Bd3 Ng5 16. Bxg5 Bxg5 17. Re1 Bf6 18. Rab1 Qc8 19. Ne2 Bxa4 20. e5 Bxe5 21.
Qe4 g6 22. Qxa4 Qd8 23. Qg4 Qf6 24. b3 Rae8 25. Rbc1 Re7 26. Ng3 Qg7 27. h4 h5
28. Qf3 Rfe8 29. Ne4 a5 30. Bb5 Rc8 31. Qh3 Rb8 32. Qf3 Kh8 33. Ng5 Rc8 34.
Rxe5 dxe5 35. d6 e4 36. Qf4 Qe5 37. Qxe5+ Rxe5 38. Nxf7+ 1-0

[Event "4NCL Online Division 6"]
[Site "online"]
[Date "2020.10.20"]
[Round "5.67"]
[White "Solloway, Colin J"]
[Black "Tatam, Anthony"]
[Result "1/2-1/2"]
[WhiteElo "1649"]
[BlackElo "1450"]
[PlyCount "72"]
[EventDate "2020.10.20"]
[WhiteTeam "MK Phoenix 3"]
[BlackTeam "Plymouth 2"]

1. d4 d5 2. Bf4 Nf6 3. e3 g6 4. h3 Bg7 5. c3 O-O 6. Nf3 b6 7. Nbd2 Bb7 8. Qa4
c5 9. Ne5 Nbd7 10. Ba6 Bxa6 11. Qxa6 Nxe5 12. dxe5 Nd7 13. Nf3 e6 14. c4 dxc4
15. Qxc4 Qc7 16. Qe4 Rfd8 17. O-O Rac8 18. Rad1 b5 19. Rd6 Bf8 20. Rd2 h6 21.
Rfd1 Nb6 22. Qc2 Nd5 23. a4 Nxf4 24. exf4 Rxd2 25. Nxd2 a6 26. Ne4 Be7 27. b3
Rd8 28. Rxd8+ Qxd8 29. Kf1 Qd5 30. Ke2 bxa4 31. bxa4 Qd4 32. Kf3 a5 33. Nd2
Qd5+ 34. Ne4 Qd4 35. Nd2 Qd5+ 36. Ne4 Qd4 1/2-1/2

[Event "4NCL Online Division 6"]
[Site "online"]
[Date "2020.10.20"]
[Round "5.68"]
[White "Tekniepe, T Klaus"]
[Black "Cox, Lucian"]
[Result "0-1"]
[WhiteElo "1292"]
[BlackElo "1600"]
[PlyCount "92"]
[EventDate "2020.10.20"]
[WhiteTeam "Plymouth 2"]
[BlackTeam "MK Phoenix 3"]

1. e4 c5 2. Nf3 d6 3. d4 cxd4 4. Nxd4 Nf6 5. Bg5 g6 6. Nd2 Bg7 7. c3 O-O 8. f4
Nc6 9. Nxc6 bxc6 10. Be2 d5 11. e5 Ne4 12. Nxe4 dxe4 13. O-O Bf5 14. Qe1 h6 15.
Rd1 Qc7 16. Bh4 Rad8 17. Bf2 g5 18. g3 f6 19. Bc4+ e6 20. exf6 Bxf6 21. Bd4
Bxd4+ 22. Rxd4 Rxd4 23. cxd4 Rd8 24. Qe3 Rc8 25. fxg5 Bh3 26. Rf6 c5 27. gxh6
cxd4 28. Qg5+ Kh8 29. Bxe6 Qc1+ 30. Qxc1 Rxc1+ 31. Kf2 Rf1+ 32. Ke2 Rxf6 33.
Bxh3 Rxh6 34. Bg2 Rxh2 35. Kf1 e3 36. Bf3 Rxb2 37. a3 Ra2 38. g4 Rxa3 39. Ke2
a5 40. g5 a4 41. g6 Ra2+ 42. Kd3 Rd2+ 43. Kc4 a3 44. Kb3 a2 45. g7+ Kxg7 46.
Ka3 a1=Q+ 0-1

[Event "4NCL Online Division 6"]
[Site "online"]
[Date "2020.10.20"]
[Round "5.75"]
[White "Chapman, Chas"]
[Black "Tarigopula, Pawan Kumar"]
[Result "1-0"]
[WhiteElo "1592"]
[BlackElo "1225"]
[PlyCount "101"]
[EventDate "2020.10.20"]
[WhiteTeam "War & Piece 2"]
[BlackTeam "Uxbridge Bombers D"]

1. e3 c5 2. Nf3 g6 3. d4 cxd4 4. exd4 Bg7 5. c3 Nf6 6. Bd3 O-O 7. O-O d6 8. Bg5
Nc6 9. Nbd2 Be6 10. Bc4 d5 11. Bd3 Qd6 12. Re1 Ng4 13. Re2 f6 14. Bh4 Bd7 15.
Bg3 e5 16. h3 Nh6 17. dxe5 fxe5 18. Qe1 Rae8 19. Rd1 Nf7 20. c4 Nb4 21. Bb1 Bf5
22. cxd5 Bxb1 23. Nxb1 Qb6 24. a3 Na6 25. Nxe5 Nxe5 26. Bxe5 Bxe5 27. Rxe5 Rxe5
28. Qxe5 Qxf2+ 29. Kh2 Qc2 30. Qd4 Nc7 31. d6 Nb5 32. Qd5+ Kh8 33. d7 Rd8 34.
Qe5+ Kg8 35. Qe6+ Kf8 36. Rf1+ Kg7 37. Qe7+ Kh6 38. Qxd8 Qc4 39. Qf8+ Kg5 40.
d8=Q+ Kh5 41. Qd1+ Kg5 42. Qg4+ Qxg4 43. hxg4 Kxg4 44. Qh6 Nd4 45. Qh3+ Kg5 46.
Qe3+ Kh5 47. Qxd4 b5 48. Kh3 g5 49. Rf7 h6 50. g4+ Kg6 51. Qg7# 1-0

[Event "4NCL Online Division 6"]
[Site "online"]
[Date "2020.10.20"]
[Round "5.76"]
[White "Tarigopula, Varish"]
[Black "Thomas, Jacob"]
[Result "0-1"]
[WhiteElo "1225"]
[BlackElo "1457"]
[PlyCount "176"]
[EventDate "2020.10.20"]
[WhiteTeam "Uxbridge Bombers D"]
[BlackTeam "War & Piece 2"]

1. e4 c5 2. Nc3 Nc6 3. f4 a6 4. Nf3 d6 5. g3 g6 6. Bg2 Bg7 7. O-O Nh6 8. d3 O-O
9. Bd2 f5 10. Re1 e5 11. fxe5 Nxe5 12. Nxe5 dxe5 13. Rf1 Ng4 14. h3 Qd4+ 15.
Kh1 Nf2+ 16. Rxf2 Qxf2 17. Kh2 f4 18. gxf4 exf4 19. Kh1 Qg3 20. Be1 Qg5 21. h4
Qe7 22. Nd5 Qd6 23. c3 Be6 24. d4 Bxd5 25. dxc5 Qxc5 26. exd5 Qd6 27. Bd2 Rf5
28. Bf3 g5 29. h5 h6 30. Be4 Re5 31. Bf3 Rae8 32. Qb3 b5 33. c4 bxc4 34. Qxc4
Bf8 35. Rg1 Rd8 36. Bxf4 Qf6 37. Bxe5 Qxf3+ 38. Rg2 Qxd5 39. Qxd5+ Rxd5 40. Bc3
Bg7 41. Bxg7 Kxg7 42. a3 Kf6 43. Rf2+ Ke5 44. Re2+ Kf4 45. Rf2+ Kg4 46. Rf6
Kxh5 47. Rxa6 Rd1+ 48. Kg2 Rd2+ 49. Kf3 Rxb2 50. a4 g4+ 51. Kg3 Rb3+ 52. Kg2
Kg5 53. Ra5+ Kh4 54. Ra6 h5 55. Kh2 Rb2+ 56. Kg1 Kh3 57. Rh6 h4 58. a5 Kg3 59.
Kf1 h3 60. a6 Rb1+ 61. Ke2 Ra1 62. Ke3 h2 63. Rxh2 Kxh2 64. Kf4 Rxa6 65. Kxg4
Ra3 66. Kf4 Kg2 67. Kg4 Ra4+ 68. Kf5 Kf3 69. Ke5 Ke3 70. Kf5 Rb4 71. Ke5 Rb5+
72. Kf6 Ke4 73. Kg6 Kf4 74. Kf6 Rb6+ 75. Kf7 Kf5 76. Ke7 Rh6 77. Kd7 Ke5 78.
Kc7 Kd5 79. Kb7 Kc5 80. Ka7 Kb5 81. Kb7 Rh7+ 82. Kc8 Kc6 83. Kd8 Ra7 84. Ke8
Kd6 85. Kf8 Ke6 86. Kg8 Kf6 87. Kh8 Kg6 88. Kg8 Ra8# 0-1

[Event "4NCL Online Division 6"]
[Site "online"]
[Date "2020.10.20"]
[Round "5.77"]
[White "O'Neill, Stephen G"]
[Black "Palampathi, Sanjit"]
[Result "1-0"]
[WhiteElo "1457"]
[BlackElo "1217"]
[PlyCount "73"]
[EventDate "2020.10.20"]
[WhiteTeam "War & Piece 2"]
[BlackTeam "Uxbridge Bombers D"]

1. Nf3 Nc6 2. d4 Nf6 3. Bf4 d6 4. e3 Bf5 5. Nbd2 Nb4 6. Bb5+ c6 7. Ba4 Nbd5 8.
Bg5 Ne4 9. Nh4 Nxd2 10. Nxf5 Nc4 11. e4 Qa5+ 12. Bd2 Nxd2 13. Qxd2 Qxa4 14.
exd5 cxd5 15. O-O O-O-O 16. Rfe1 e6 17. Ne3 Kb8 18. b3 Qc6 19. c4 dxc4 20. Nxc4
b6 21. Rac1 d5 22. Ne5 Qd6 23. Nxf7 Qb4 24. Qxb4 Bxb4 25. Rxe6 Bd2 26. Rd1 Bb4
27. Nxh8 Rxh8 28. Rc1 b5 29. Rec6 Kb7 30. Rc7+ Kb6 31. Rxg7 Re8 32. Rxh7 Bd2
33. Rd1 Ka5 34. Rxa7+ Kb6 35. Rf7 b4 36. h3 Bf4 37. Rxf4 1-0

[Event "4NCL Online Division 6"]
[Site "online"]
[Date "2020.10.20"]
[Round "5.85"]
[White "Cepoi, Gesneria-Codruta"]
[Black "Dharan, Arjun Aditya"]
[Result "0-1"]
[WhiteElo "1375"]
[BlackElo "1367"]
[PlyCount "92"]
[EventDate "2020.10.20"]
[WhiteTeam "Uxbridge Bombers C"]
[BlackTeam "Barnet Knights E"]

1. e4 d6 2. Nf3 Nf6 3. Nc3 Nc6 4. Bc4 Nxe4 5. Nxe4 d5 6. Bb3 dxe4 7. Ng1 g6 8.
d3 exd3 9. cxd3 Nb4 10. Bc4 Bg7 11. Qd2 Nc6 12. Qf4 O-O 13. Nf3 Bf5 14. Qd2 e5
15. a3 e4 16. dxe4 Bxe4 17. O-O Bxf3 18. gxf3 Qh4 19. Qf4 Qxf4 20. Bxf4 Bxb2
21. Ra2 Be5 22. Bh6 Rfe8 23. Re2 Nd4 24. Re3 Nf5 25. Re4 Nxh6 26. f4 Bf6 27.
Rfe1 Rxe4 28. Rxe4 Nf5 29. Kg2 Nh4+ 30. Kg3 Rd8 31. h3 Rd1 32. Re8+ Kg7 33. Kh2
Rd2 34. Kg3 Nf5+ 35. Kf3 Nd6 36. Re2 Nxc4 37. Rxd2 Nxd2+ 38. Kg4 h5+ 39. Kg3
h4+ 40. Kg4 c5 41. f5 c4 42. fxg6 fxg6 43. f4 c3 44. a4 c2 45. a5 c1=Q 46. a6
Qg1# 0-1

[Event "4NCL Online Division 6"]
[Site "online"]
[Date "2020.10.20"]
[Round "5.87"]
[White "Kumar, Shaurya"]
[Black "Rasalingam, Rishi"]
[Result "0-1"]
[WhiteElo "1225"]
[BlackElo "1157"]
[PlyCount "70"]
[EventDate "2020.10.20"]
[WhiteTeam "Uxbridge Bombers C"]
[BlackTeam "Barnet Knights E"]

1. e4 c5 2. Nf3 Nc6 3. Bc4 e6 4. Nc3 Be7 5. d3 Nf6 6. e5 Ng4 7. h3 Ngxe5 8.
Nxe5 Nxe5 9. Bb3 O-O 10. O-O d5 11. Re1 Nc6 12. Bf4 b6 13. Qg4 e5 14. Qe2 exf4
15. Nxd5 Re8 16. Nxf4 Nd4 17. Qh5 Nxb3 18. axb3 Bd6 19. Rxe8+ Qxe8 20. Nd5 Qe5
21. Qxe5 Bxe5 22. Ne7+ Kf8 23. Nc6 Bxb2 24. Rb1 Bf6 25. c4 Bb7 26. Nxa7 Rxa7
27. Kh2 Ra2 28. Rf1 Bd4 29. f4 Rxg2+ 30. Kh1 Rf2+ 31. Kg1 Rxf1+ 32. Kxf1 Be3
33. f5 Bc8 34. Ke2 Bg5 35. Kf3 Bxf5 0-1

[Event "4NCL Online Division 6"]
[Site "online"]
[Date "2020.11.03"]
[Round "6.11"]
[White "Gregory, Sam"]
[Black "Arnott, Jonathan W"]
[Result "1-0"]
[WhiteElo "1861"]
[BlackElo "2128"]
[PlyCount "101"]
[EventDate "2020.11.03"]
[WhiteTeam "Dundee City B"]
[BlackTeam "Chessable White Rose 3"]

1. Nf3 Nf6 2. g3 d5 3. d4 e6 4. Bg2 c5 5. O-O Nc6 6. c4 dxc4 7. Qa4 Qd7 8. dxc5
Ne5 9. Qxd7+ Nfxd7 10. Nxe5 Nxe5 11. Bf4 Nc6 12. Na3 e5 13. Bxc6+ bxc6 14. Bxe5
Bxc5 15. Nxc4 f6 16. Bd6 Be6 17. Bxc5 Bxc4 18. b3 Be6 19. Rfd1 Kf7 20. Rd6 Rhc8
21. e4 a5 22. f4 g6 23. Rc1 a4 24. Bd4 axb3 25. axb3 Bxb3 26. Rxf6+ Ke7 27.
Rfxc6 Kd7 28. R6c5 Rxc5 29. Rxc5 Ra4 30. Rc3 Be6 31. Be5 Ra1+ 32. Kf2 Ra2+ 33.
Ke3 Rxh2 34. Rc7+ Kd8 35. Ra7 Rh3 36. Kf3 Rh1 37. Bf6+ Kc8 38. Re7 Bh3 39. e5
h5 40. e6 Bg4+ 41. Kg2 Rd1 42. Re8+ Kc7 43. e7 Rd2+ 44. Kf1 Rd1+ 45. Kf2 Rd2+
46. Ke1 Rd1+ 47. Kf2 Rd2+ 48. Ke3 Re2+ 49. Kd3 Re6 50. Rd8 Bf5+ 51. Kd2 1-0

[Event "4NCL Online Division 6"]
[Site "online"]
[Date "2020.11.03"]
[Round "6.12"]
[White "Wills, Tom"]
[Black "Borwell, Alan P"]
[Result "0-1"]
[WhiteElo "1922"]
[BlackElo "1934"]
[PlyCount "54"]
[EventDate "2020.11.03"]
[WhiteTeam "Chessable White Rose 3"]
[BlackTeam "Dundee City B"]

1. e4 c5 2. Nf3 a6 3. c3 e6 4. d4 d5 5. exd5 exd5 6. Bd3 cxd4 7. cxd4 Nf6 8. h3
Bb4+ 9. Bd2 Bxd2+ 10. Nbxd2 O-O 11. O-O Nc6 12. Re1 h6 13. Nf1 Qd6 14. Rc1 Bd7
15. Bb1 Rfe8 16. Ng3 Rxe1+ 17. Qxe1 Re8 18. Qd1 Ne4 19. Nf1 Qf4 20. Ne3 Nxf2
21. Nxd5 Qg3 22. Qc2 Nxh3+ 23. Kf1 f5 24. Nb6 Nb4 25. Qd2 Bb5+ 26. Nc4 Nd5 27.
gxh3 Ne3+ 0-1

[Event "4NCL Online Division 6"]
[Site "online"]
[Date "2020.11.03"]
[Round "6.13"]
[White "Babin, Andre"]
[Black "Parkhouse, Max"]
[Result "1/2-1/2"]
[WhiteElo "1833"]
[BlackElo "1862"]
[PlyCount "138"]
[EventDate "2020.11.03"]
[WhiteTeam "Dundee City B"]
[BlackTeam "Chessable White Rose 3"]

1. b3 d5 2. Bb2 Bf5 3. f4 e6 4. e3 Nf6 5. Nf3 c6 6. Be2 Be7 7. O-O h6 8. Ne5
Nbd7 9. d3 a5 10. Nd2 Qb6 11. d4 a4 12. c4 O-O 13. c5 Qd8 14. b4 Ne4 15. Nxe4
Bxe4 16. Bd3 Nf6 17. Bc3 Bxd3 18. Qxd3 Ne4 19. Rab1 Qc7 20. b5 Rfb8 21. Be1 Bf8
22. Nc4 Nxc5 23. dxc5 dxc4 24. Qxc4 Rd8 25. e4 Rd7 26. Bc3 cxb5 27. Rxb5 Rc8
28. Qxa4 Bxc5+ 29. Kh1 Bd6 30. Ba5 Qc6 31. e5 Be7 32. Qb3 Bc5 33. Bb6 Bxb6 34.
Rxb6 Qe4 35. Rb4 Qe2 36. Rg1 Rd3 37. Qb1 Rd2 38. Re4 Qd3 39. Qxd3 Rxd3 40. Re2
Rc4 41. g3 Ra4 42. Rb1 Ra7 43. Kg2 Rda3 44. Rbb2 Kh7 45. Red2 h5 46. Kh3 Kg6
47. Re2 Kf5 48. Rbc2 R3a4 49. Rc7 b5 50. Rxa7 Rxa7 51. Rb2 Ra5 52. Re2 g5 53.
fxg5 Kxg5 54. Rf2 b4 55. Rxf7 Rxe5 56. Rb7 Re4 57. Kg2 Re2+ 58. Kf3 Rxh2 59.
Rb5+ Kf6 60. Rxb4 Rxa2 61. Rb5 Kg6 62. Re5 Ra3+ 63. Kf4 Ra6 64. Rg5+ Kh6 65.
Re5 Rd6 66. Kf3 Kg6 67. Kf4 Rd4+ 68. Kf3 h4 69. gxh4 Rxh4 1/2-1/2

[Event "4NCL Online Division 6"]
[Site "online"]
[Date "2020.11.03"]
[Round "6.14"]
[White "Hayes, Solomon"]
[Black "Dawson, Alastair"]
[Result "1/2-1/2"]
[WhiteElo "1495"]
[BlackElo "1842"]
[PlyCount "75"]
[EventDate "2020.11.03"]
[WhiteTeam "Chessable White Rose 3"]
[BlackTeam "Dundee City B"]

1. e4 c6 2. d4 d5 3. e5 c5 4. dxc5 Nc6 5. Bb5 e6 6. Be3 Nge7 7. Nf3 Bd7 8. Bxc6
Bxc6 9. O-O Nf5 10. Bd4 Nxd4 11. Qxd4 Be7 12. b4 O-O 13. a4 b6 14. cxb6 axb6
15. b5 Bc5 16. Qd3 Bb7 17. Nd4 Qc7 18. Re1 Rfc8 19. c3 Be7 20. f4 Qc4 21. Qd1
g6 22. Re3 Bc5 23. Nd2 Qxc3 24. Rxc3 Bxd4+ 25. Kf1 Bxc3 26. Rc1 d4 27. Nb1 Bd5
28. Nxc3 dxc3 29. Kf2 Kg7 30. g3 Rc4 31. Qd3 h5 32. Rxc3 Rcxa4 33. Qe3 Ra2+ 34.
Ke1 Rxh2 35. Ra3 Rc8 36. Rc3 Ra8 37. Ra3 Rc8 38. Rc3 1/2-1/2

[Event "4NCL Online Division 6"]
[Site "online"]
[Date "2020.11.03"]
[Round "6.21"]
[White "Walker, David N"]
[Black "Hookham, Jamie"]
[Result "0-1"]
[WhiteElo "1900"]
[BlackElo "2029"]
[PlyCount "58"]
[EventDate "2020.11.03"]
[WhiteTeam "Harborough Cuatro"]
[BlackTeam "Imperial Knightriders"]

1. d4 Nf6 2. Nf3 e6 3. e3 b6 4. Bd3 Bb7 5. O-O d6 6. c4 Ne4 7. Nbd2 Nxd2 8.
Bxd2 Nd7 9. e4 e5 10. Qa4 exd4 11. Nxd4 Be7 12. f4 Bf6 13. Bc3 O-O 14. Qc2 Re8
15. Rae1 g6 16. Nf3 Nc5 17. Nd2 a5 18. f5 g5 19. Re3 Qe7 20. Rfe1 Be5 21. Bxe5
dxe5 22. Be2 Rad8 23. Bh5 Rd6 24. Rf1 Red8 25. Nb3 Rd3 26. Re2 Bxe4 27. Nxc5
Qxc5+ 28. Kh1 Rf3 29. Rxf3 Bxc2 0-1

[Event "4NCL Online Division 6"]
[Site "online"]
[Date "2020.11.03"]
[Round "6.22"]
[White "Porter, Sam J"]
[Black "Thomson, John J"]
[Result "1-0"]
[WhiteElo "1975"]
[BlackElo "1757"]
[PlyCount "107"]
[EventDate "2020.11.03"]
[WhiteTeam "Imperial Knightriders"]
[BlackTeam "Harborough Cuatro"]

1. d4 f5 2. c4 Nf6 3. Nc3 e6 4. Bg5 Be7 5. f3 O-O 6. e3 d5 7. Nh3 c6 8. Bd3 h6
9. Bh4 Nh7 10. Bxe7 Qxe7 11. O-O Nd7 12. Nf4 Qf7 13. e4 e5 14. dxe5 Nxe5 15.
exd5 Nxd3 16. Qxd3 cxd5 17. cxd5 g5 18. Nfe2 Nf6 19. Rad1 Bd7 20. Ng3 Nh5 21.
Nxh5 Qxh5 22. Rfe1 Rae8 23. d6 Rxe1+ 24. Rxe1 Re8 25. Rxe8+ Qxe8 26. Kf2 Qe6
27. b4 a6 28. a4 Kf7 29. a5 Qb3 30. Qe3 Qb2+ 31. Ne2 Qf6 32. Qc5 Bc6 33. Nd4
Bd7 34. g3 f4 35. g4 Ke8 36. Ke1 Qg6 37. Nf5 Qe6+ 38. Kd2 Qa2+ 39. Kd3 Bb5+ 40.
Kd4 Qb2+ 41. Qc3 Qxc3+ 42. Kxc3 Be2 43. Nxh6 Bxf3 44. Kd4 Kd7 45. Ke5 Be2 46.
Ng8 f3 47. Nf6+ Kd8 48. Ne4 Bd1 49. Kf6 Bc2 50. Nf2 Kd7 51. Kxg5 Kxd6 52. Kf4
Bd1 53. h4 Ke6 54. Nxd1 1-0

[Event "4NCL Online Division 6"]
[Site "online"]
[Date "2020.11.03"]
[Round "6.23"]
[White "Garland, Michael A jnr"]
[Black "Barron, Luke J"]
[Result "1-0"]
[WhiteElo "1622"]
[BlackElo "1927"]
[PlyCount "93"]
[EventDate "2020.11.03"]
[WhiteTeam "Harborough Cuatro"]
[BlackTeam "Imperial Knightriders"]

1. Nf3 Nf6 2. g3 d5 3. d3 c5 4. b3 Nc6 5. Bb2 g6 6. Bg2 Bg7 7. O-O O-O 8. Nbd2
d4 9. Rc1 e5 10. e4 Bg4 11. Qe1 Rc8 12. Nc4 Qc7 13. c3 b5 14. Ncd2 Qb6 15. c4
b4 16. h3 Bd7 17. Ra1 a5 18. Qb1 Ra8 19. a3 Nh5 20. a4 Bh6 21. Qd1 Ng7 22. Rc1
Rae8 23. Nh2 f5 24. exf5 gxf5 25. Rc2 Ne7 26. Re1 Ng6 27. Bd5+ Be6 28. Bf3 Bf7
29. Bg2 Qc7 30. Ndf3 e4 31. dxe4 fxe4 32. Ng4 Nf5 33. Nf6+ Kh8 34. Rxe4 Rxe4
35. Nxe4 Bg7 36. Re2 Bg8 37. Ne1 Ne5 38. Nd3 Nxd3 39. Qxd3 h6 40. Bc1 Bh7 41.
Bf4 Qb6 42. Qf3 Rd8 43. Qg4 Rg8 44. Qf3 Rd8 45. Kh2 Re8 46. Nf6 Rxe2 47. Qa8+
1-0

[Event "4NCL Online Division 6"]
[Site "online"]
[Date "2020.11.03"]
[Round "6.24"]
[White "Eggl, Maximilian"]
[Black "Redding, Jonathan"]
[Result "1-0"]
[WhiteElo "1622"]
[BlackElo "1337"]
[PlyCount "109"]
[EventDate "2020.11.03"]
[WhiteTeam "Imperial Knightriders"]
[BlackTeam "Harborough Cuatro"]

1. c4 c5 2. Nc3 Nf6 3. g3 g6 4. Bg2 Nc6 5. e4 Bg7 6. Nge2 d6 7. O-O O-O 8. h3
a6 9. d3 e5 10. f4 exf4 11. Nxf4 Nd4 12. Be3 Nd7 13. Nce2 Ne5 14. Bxd4 cxd4 15.
Rb1 f5 16. Nd5 Be6 17. Nef4 Bxd5 18. Nxd5 fxe4 19. Rxf8+ Qxf8 20. Bxe4 Bh6 21.
Qf1 Be3+ 22. Nxe3 dxe3 23. Bxb7 Ra7 24. Bd5+ Kg7 25. Qxf8+ Kxf8 26. Be4 Re7 27.
b3 Rf7 28. Rf1 a5 29. Rxf7+ Nxf7 30. Kf1 Ng5 31. Bg2 Ke7 32. Ke2 Ke6 33. Kxe3
Ke5 34. a3 Ne6 35. b4 axb4 36. axb4 h6 37. b5 Nc5 38. d4+ Ke6 39. dxc5 dxc5 40.
b6 Kd7 41. b7 Kc7 42. Kf4 Kb8 43. Ke5 g5 44. Kf5 g4 45. hxg4 Kc7 46. g5 hxg5
47. Kxg5 Kb8 48. Kf6 Kc7 49. g4 Kb8 50. g5 Kc7 51. g6 Kb8 52. g7 Kc7 53. g8=Q
Kd7 54. Qc8+ Kd6 55. b8=Q# 1-0

[Event "4NCL Online Division 6"]
[Site "online"]
[Date "2020.11.03"]
[Round "6.31"]
[White "Wang, Yong Gui"]
[Black "Povah, Nigel E"]
[Result "0-1"]
[WhiteElo "1577"]
[BlackElo "2282"]
[PlyCount "54"]
[EventDate "2020.11.03"]
[WhiteTeam "Kent KJCA Kestrels E"]
[BlackTeam "Guildford Castles"]

1. d4 Nf6 2. c4 e6 3. Nf3 c5 4. e3 b6 5. Nc3 Bb7 6. Be2 Be7 7. Bd2 O-O 8. Qc2
a6 9. O-O-O d6 10. a3 Nbd7 11. Rhg1 d5 12. g4 dxc4 13. Ne5 b5 14. g5 Nd5 15. e4
Nxc3 16. Bxc3 Nxe5 17. dxe5 Bxg5+ 18. Kb1 Qe7 19. Rdf1 Bh6 20. f4 b4 21. axb4
cxb4 22. Bd4 b3 23. Qxc4 Bxe4+ 24. Bd3 Rfc8 25. Qxb3 Rab8 26. Qd1 Bd5 27. Bc3
Rxc3 0-1